000 00670nam a22001937a 4500
999 _c189676
_d189676
005 20220711111311.0
010 _aUR-11637
020 _a9789393785664
_c500.00
035 _aU-10192
037 _bDBAD/PUB
_a-
082 _a808.88
100 _aسلطان آزاد
245 _aتحقیق و توضیح :
_bمضا مین کا مجموعہ /
_cسلطان آزاد
246 _aTahqeeque-o-Tauzeeh: collection of articles /
_bby Sultan Azad
260 _aNew Delhi
_bEducational Publishing House
_c2022 ء
270 _aH.o. D1/16, Ansari Road, Daryaganj
_bNew Delhi
_e110002
300 _a208 ص
_c22cm(Hb)
942 _2ddc
_cUR
_h808.88
_mس ل ط